000 01028cam a2200301 a 4500
001 977
003 BD-RjUL
005 20211208233247.0
008 131124s1968 enkacf 011 0 eng d
020 _a0853650012
035 _a(BD-RjUL)999
040 _aDLC
_cDLC
_dBD-RjUL
_beng
041 _aeng
082 0 0 _a027.4
_216
_bLIB
245 0 0 _aLibraries for the people:
_binternational studies in librarianship in honour of Lionel R. McColvin /
_cedited by Robert F. Vollans.
260 _aLondon:
_bLibrary Association,
_c1968.
300 _axiii, 265 p. :
_b20 plates, illus., ports. ;
_c21 cm.
504 _aIncludes bibliographies.
600 1 0 _aMcColvin, Lionel R.
_q(Lionel Roy),
_d1896-1976.
_9116146
650 0 _aLibrary science
_xSocieties, etc.
_92246
650 0 _aPublic libraries.
_92880
700 1 _aMcColvin, Lionel R.
_q(Lionel Roy),
_d1896-1976.
_91699
700 1 _aVollans, Robert F.,
_eed.
_92881
710 2 _aLibrary Association.
_92882
942 _2ddc
_cBK
999 _c977
_d977